Правовий режим об'єктів права інтелектуальної власності у сфері залізничого транспорту в Україні (Запис № 573624)

МАРК-запис
000 -Лідер
fixed length control field 03839nam a22002537a 4500
001 - Контрольний номер
control field 216223424
003 - Ідентифікатор контрольного номера
control field UA-OsUOA
005 - Дата та час останнього входження (трансакції)
control field 20230117100605.0
008 - Елементи даних фіксованої довжини – загальна інформація
fixed length control field 230117b un ||||| m||| 00| 0 ukr d
040 ## - Джерело каталогізації
Агенція оригінальної каталогізації UA-OsUOA
Мова каталогізації ukr
Агенція, яка здійснювала перезапис UA-OsUOA
Агенція, яка здійснювала модифікацію UA-OsUOA
041 ## - Код мови
Код мови тексту/ звукової доріжки чи окремого заголовка (П) ukr
080 ## - Індекс Універсальної десяткової класифікації
Індекс Універсальної десяткової класифікації (УДК) (НП) 347.77(78):34.03
090 ## - Локальний шифр розміщення
Класифікаційний індекс УДК 347.77(78):34.03
095 ## - Код спеціальності для авторефератів
Код спеціальності 12.00.03
Назва спеціальності цивільне право і цивільний процес; сімейне право; міжнародне приватне право
100 ## - Основне введення – ім’я особи
Ім’я особи (НП) Семчик В. О.
245 ## - Відомості про назву
Назва (НП) Правовий режим об'єктів права інтелектуальної власності у сфері залізничого транспорту в Україні
Дані про відповідальність (НП) Семчик Віталій Олександрович ; наук. керівник Орлюк Олена Павлівна
260 ## - Публікація, розповсюдження і т.п. (Вихідні дані)
Місце публікації, розповсюдження і т.п. (П) Київ
Дата публікації, розповсюдження і т.п. (П) 2021
300 ## - Фізичний опис
Обсяг 20 с.
502 ## - Примітка про дисертацію
Зв'язок Автореферат дисертації на здобуття наукового ступеня кандидата юридичних наук<br/>
Наймення інституції, що представляється Науково-дослідницький інститут інтелектуальної власності
Рік отримання вченого ступеня 2021
520 ## - Резюме і т.п.
Резюме, реферат, анотація, тощо (НП) Дисертація є комплексним дослідженням правового режиму об’єктів права інтелектуальної власності у сфері залізничного транспорту в Україні. У роботі досліджено існуючі підходи до розуміння поняття «правовий режим», розкрито структурні елементи правового режиму об’єктів права інтелектуальної власності. Проаналізовано питання формування майна підприємств залізничного транспорту України - АТ «Укрзалізниця» у процесі реорганізації в акціонерне товариство. Охарактеризовано сучасний стан правового регулювання визначення вартості об’єктів права інтелектуальної власності підприємств залізничного транспорту. З метою впровадження кращих практик капіталізації підприємств за рахунок потенціалу інтелектуального капіталу запропоновано розробити та впровадити методику оцінки об’єктів права інтелектуальної власності на підприємствах залізничного транспорту.<br/>Розкрито питання управління інтелектуальною власністю та з’ясовано, що воно не передбачає здійснення заходів щодо комерціалізації об’єктів права інтелектуальної власності на підприємствах. Зважаючи на це, обґрунтовано пропозицію щодо створення у межах АТ «Укрзалізниця» окремого органу з питань управління об’єктами інтелектуальної власності. Приділено увагу питанням правової охорони об’єктів інтелектуальної власності підприємств залізничного транспорту і захисту прав інтелектуальної власності.
650 ## - Додаткове предметне введення – тематичний термін
Джерело заголовка чи терміна UDC
Тематичний термін чи географічна назва, як елемент введення (НП) 347 Цивільне право
942 ## - Додаткові елементи входу (Коха)
Source of classification or shelving scheme Universal Decimal Classification
Тип елемента Koha Автореферат
955 ## - Код типу видання за змістом
Код типу видання за змістом (НП) Наукові видання

Немає доступних примірників.